| 000 | 00387 a2200121 4500 | ||
|---|---|---|---|
| 003 | Nust | ||
| 005 | 20170207165047.0 | ||
| 040 | _cNust | ||
| 082 | _a799 | ||
| 245 |
_aVisit of Team EX Libyan Armed Forces Trg Dept (AFTD),Photographs-2014 _cMCS |
||
| 260 |
_aRawalpindi _bMCS _c15-05-2014 |
||
| 650 | _aPictures of Visit of Team EX Libyan Armed Forces Trg Dept (AFTD),Photographs-2014, (CD-NO 24 Vol III) | ||
| 942 | _cBK | ||
| 999 |
_c210723 _d210723 |
||